[Event "Silkway Cup"]
[Site "T#646345FIDE"]
[Date "2020.05.26"]
[Round "7"]
[White "gul91"]
[Black "Durarbeyli Vasif"]
[Result "0-1"]
[WhiteElo "2039"]
[BlackElo "2736"]
[Annotator "NA"]
[PlyCount "156"]
[EventDate "2020.05.26"]
[EventType "swiss (blitz)"]

1. e4 {[%emt 0:00:01]} c5 {[%emt 0:00:01]} 2. Nf3 {[%emt 0:00:03]} d6 {[%emt 0:00:01]} 3. Bb5+ {[%emt 0:00:04]} Nd7 {[%emt 0:00:02]} 4. a4 {[%emt 0:00:02]} a6 {[%emt 0:00:03]} 5. Bc4 {[%emt 0:00:02]} e6 {[%emt 0:00:01]} 6. Nc3 {[%emt 0:00:03]} Qc7 {[%emt 0:00:04]} 7. O-O {[%emt 0:00:02]} Ngf6 {[%emt 0:00:10]} 8. Ba2 {[%emt 0:00:04]} Be7 {[%emt 0:00:13]} 9. d4 {[%emt 0:00:06]} cxd4 {[%emt 0:00:10]} 10. Nxd4 {[%emt 0:00:00]} O-O {[%emt 0:00:04]} 11. Be3 {[%emt 0:00:07]} Ne5 {[%emt 0:00:16]} 12. h3 {[%emt 0:00:06]} Bd7 {[%emt 0:00:13]} 13. Qe2 {[%emt 0:00:04]} Rfc8 {[%emt 0:00:08]} 14. f4 {[%emt 0:00:12]} Nc4 {[%emt 0:00:01]} 15. Bxc4 {[%emt 0:00:01]} Qxc4 {[%emt 0:00:01]} 16. Qf2 {[%emt 0:00:01]} Be8 {[%emt 0:00:16]} 17. Qf3 {[%emt 0:00:29]} Qb4 {[%emt 0:00:24]} 18. Rab1 {[%emt 0:00:09]} b5 {[%emt 0:00:13]} 19. axb5 {[%emt 0:00:04]} Bf8 {[%emt 0:00:35]} 20. e5 {[%emt 0:00:15]} Nd7 {[%emt 0:00:04]} 21. bxa6 {[%emt 0:00:16]} Rxa6 {[%emt 0:00:09]} 22. exd6 {[%emt 0:00:03]} Qxd6 {[%emt 0:00:05]} 23. Rfd1 {[%emt 0:00:08]} Qb8 {[%emt 0:00:03]} 24. Ne4 {[%emt 0:00:07]} e5 {[%emt 0:00:10]} 25. fxe5 {[%emt 0:00:15]} Nxe5 {[%emt 0:00:00]} 26. Qg3 {[%emt 0:00:02]} Rg6 {[%emt 0:00:01]} 27. Qf2 {[%emt 0:00:05]} Qb7 {[%emt 0:00:10]} 28. Ng3 {[%emt 0:00:05]} Nc4 {[%emt 0:00:02]} 29. Bf4 {[%emt 0:00:06]} Bc5 {[%emt 0:00:08]} 30. c3 {[%emt 0:00:02]} h6 {[%emt 0:00:02]} 31. b4 {[%emt 0:00:10]} Ba7 {[%emt 0:00:02]} 32. Re1 {[%emt 0:00:03]} Bc6 {[%emt 0:00:02]} 33. Kh2 {[%emt 0:00:05]} Bd5 {[%emt 0:00:02]} 34. Rbd1 {[%emt 0:00:09]} Kh7 {[%emt 0:00:01]} 35. Qc2 {[%emt 0:00:02]} Na3 {[%emt 0:00:03]} 36. Qc1 {[%emt 0:00:03]} Nb5 {[%emt 0:00:08]} 37. Ndf5 {[%emt 0:00:12]} Nxc3 {[%emt 0:00:02]} 38. Re7 {[%emt 0:00:03]} Qa8 {[%emt 0:00:03]} 39. Rxd5 {[%emt 0:00:12]} Nxd5 {[%emt 0:00:00]} 40. Qd2 {[%emt 0:00:02]} Nxe7 {[%emt 0:00:02]} 41. Nxe7 {[%emt 0:00:01]} Re8 {[%emt 0:00:01]} 42. Nxg6 {[%emt 0:00:01]} fxg6 {[%emt 0:00:00]} 43. Qd7 {[%emt 0:00:03]} Bf2 {[%emt 0:00:04]} 44. Qc7 {[%emt 0:00:10]} Qa1 {[%emt 0:00:02]} 45. Qc1 {[%emt 0:00:07]} Qxc1 {[%emt 0:00:05]} 46. Bxc1 {[%emt 0:00:00]} Be1 {[%emt 0:00:03]} 47. b5 {[%emt 0:00:03]} Rb8 {[%emt 0:00:00]} 48. Bf4 {[%emt 0:00:02]} Bxg3+ {[%emt 0:00:02]} 49. Kxg3 {[%emt 0:00:03]} Rxb5 {[%emt 0:00:00]} 50. Kh2 {[%emt 0:00:00]} g5 {[%emt 0:00:00]} 51. Bg3 {[%emt 0:00:01]} Kg6 {[%emt 0:00:00]} 52. Bf2 {[%emt 0:00:00]} Rb3 {[%emt 0:00:00]} 53. Bd4 {[%emt 0:00:01]} Rd3 {[%emt 0:00:01]} 54. Be5 {[%emt 0:00:01]} Re3 {[%emt 0:00:01]} 55. Bd4 {[%emt 0:00:01]} Re4 {[%emt 0:00:00]} 56. Bc3 {[%emt 0:00:01]} g4 {[%emt 0:00:01]} 57. hxg4 {[%emt 0:00:02]} Rxg4 {[%emt 0:00:00]} 58. Kh3 {[%emt 0:00:01]} Rc4 {[%emt 0:00:00]} 59. Be5 {[%emt 0:00:01]} Kh7 {[%emt 0:00:04]} 60. Bb2 {[%emt 0:00:02]} g5 {[%emt 0:00:01]} 61. g3 {[%emt 0:00:01]} Kg6 {[%emt 0:00:01]} 62. Be5 {[%emt 0:00:01]} h5 {[%emt 0:00:01]} 63. Bd6 {[%emt 0:00:02]} Rc2 {[%emt 0:00:00]} 64. g4 {[%emt 0:00:02]} Rc3+ {[%emt 0:00:01]} 65. Kg2 {[%emt 0:00:03]} hxg4 {[%emt 0:00:01]} 66. Bb8 {[%emt 0:00:00]} Rd3 {[%emt 0:00:01]} 67. Be5 {[%emt 0:00:01]} Kf5 {[%emt 0:00:00]} 68. Bc7 {[%emt 0:00:00]} Rb3 {[%emt 0:00:05]} 69. Bd6 {[%emt 0:00:01]} Rd3 {[%emt 0:00:05]} 70. Bc7 {[%emt 0:00:01]} Kg6 {[%emt 0:00:01]} 71. Bb8 {[%emt 0:00:01]} Kh5 {[%emt 0:00:01]} 72. Bc7 {[%emt 0:00:01]} Kh4 {[%emt 0:00:01]} 73. Ba5 {[%emt 0:00:01]} g3 {[%emt 0:00:01]} 74. Be1 {[%emt 0:00:01]} Kg4 {[%emt 0:00:01]} 75. Bb4 {[%emt 0:00:01]} Rb3 {[%emt 0:00:01]} 76. Bc5 {[%emt 0:00:01]} Rb2+ {[%emt 0:00:01]} 77. Kf1 {[%emt 0:00:01]} Kf3 {[%emt 0:00:01]} 78. Bb4 {[%emt 0:00:02]} Rb1+ {[%emt 0:00:01] gul91 resigns (Lag: Av=0.62s, max=5.4s)} 0-1

[Event "Silkway Cup"]
[Site "T#646345FIDE"]
[Date "2020.05.26"]
[Round "7"]
[White "Kranke07"]
[Black "SuleymanliAydin1"]
[Result "1-0"]
[WhiteElo "2030"]
[BlackElo "2057"]
[Annotator "NA"]
[PlyCount "151"]
[EventDate "2020.05.26"]
[EventType "swiss (blitz)"]

1. e4 {[%emt 0:00:03]} c6 {[%emt 0:00:02]} 2. d4 {[%emt 0:00:02]} d5 {[%emt 0:00:00]} 3. Nc3 {[%emt 0:00:01]} dxe4 {[%emt 0:00:01]} 4. Nxe4 {[%emt 0:00:00]} Nf6 {[%emt 0:00:01]} 5. Nxf6+ {[%emt 0:00:01]} exf6 {[%emt 0:00:00]} 6. c3 {[%emt 0:00:00]} Bd6 {[%emt 0:00:02]} 7. Bd3 {[%emt 0:00:00]} O-O {[%emt 0:00:03]} 8. Qc2 {[%emt 0:00:01]} Re8+ {[%emt 0:00:01]} 9. Ne2 {[%emt 0:00:01]} h5 {[%emt 0:00:00]} 10. O-O {[%emt 0:00:03]} h4 {[%emt 0:00:11]} 11. Re1 {[%emt 0:00:03]} h3 {[%emt 0:00:18]} 12. Bd2 {[%emt 0:00:02]} hxg2 {[%emt 0:00:04]} 13. Ng3 {[%emt 0:00:01]} Be6 {[%emt 0:00:29]} 14. Bh7+ {[%emt 0:00:29]} Kf8 {[%emt 0:00:06]} 15. Bf5 {[%emt 0:00:07]} Bxg3 {[%emt 0:00:16]} 16. hxg3 {[%emt 0:00:05]} Na6 {[%emt 0:00:35]} 17. Bxe6 {[%emt 0:00:18]} fxe6 {[%emt 0:00:05]} 18. Qg6 {[%emt 0:00:54]} Qd7 {[%emt 0:00:10]} 19. Kxg2 {[%emt 0:00:06]} Qf7 {[%emt 0:00:03]} 20. Qe4 {[%emt 0:00:06]} e5 {[%emt 0:00:14]} 21. Rh1 {[%emt 0:00:08]} Qd5 {[%emt 0:00:01]} 22. Qxd5 {[%emt 0:00:01]} cxd5 {[%emt 0:00:01]} 23. dxe5 {[%emt 0:00:00]} fxe5 {[%emt 0:00:00]} 24. Rh5 {[%emt 0:00:02]} Nb8 {[%emt 0:00:12]} 25. Rah1 {[%emt 0:00:26]} Nc6 {[%emt 0:00:09]} 26. R1h4 {[%emt 0:00:01]} Rad8 {[%emt 0:00:36]} 27. Rg4 {[%emt 0:00:05]} Kg8 {[%emt 0:00:01]} 28. Rg6 {[%emt 0:00:12]} Rd7 {[%emt 0:00:07]} 29. Rg4 {[%emt 0:00:05]} Rf8 {[%emt 0:00:02]} 30. Be3 {[%emt 0:00:08]} d4 {[%emt 0:00:02]} 31. cxd4 {[%emt 0:00:00]} exd4 {[%emt 0:00:00]} 32. Bd2 {[%emt 0:00:01]} Re7 {[%emt 0:00:02]} 33. Rhg5 {[%emt 0:00:03]} Rff7 {[%emt 0:00:02]} 34. b4 {[%emt 0:00:13]} Ne5 {[%emt 0:00:05]} 35. Rxd4 {[%emt 0:00:02]} Nf3 {[%emt 0:00:01]} 36. Rd8+ {[%emt 0:00:01]} Kh7 {[%emt 0:00:01]} 37. Rh5+ {[%emt 0:00:12]} Kg6 {[%emt 0:00:02]} 38. Rhd5 {[%emt 0:00:01]} Re2 {[%emt 0:00:02]} 39. R8d6+ {[%emt 0:00:02]} Kh7 {[%emt 0:00:02]} 40. Bf4 {[%emt 0:00:04]} Ne1+ {[%emt 0:00:03]} 41. Kf1 {[%emt 0:00:02]} Re4 {[%emt 0:00:01]} 42. Rh5+ {[%emt 0:00:01]} Kg8 {[%emt 0:00:01]} 43. Rd8+ {[%emt 0:00:01]} Rf8 {[%emt 0:00:01]} 44. Rxf8+ {[%emt 0:00:01]} Kxf8 {[%emt 0:00:00]} 45. Rh8+ {[%emt 0:00:01]} Kf7 {[%emt 0:00:02]} 46. Ra8 {[%emt 0:00:01]} Nd3 {[%emt 0:00:01]} 47. Bd2 {[%emt 0:00:02]} a6 {[%emt 0:00:02]} 48. Rb8 {[%emt 0:00:02]} Re7 {[%emt 0:00:01]} 49. a4 {[%emt 0:00:02]} Nb2 {[%emt 0:00:02]} 50. a5 {[%emt 0:00:02]} Rd7 {[%emt 0:00:01]} 51. Bc3 {[%emt 0:00:04]} Nd3 {[%emt 0:00:02]} 52. Rc8 {[%emt 0:00:01]} Ke6 {[%emt 0:00:03]} 53. Ke2 {[%emt 0:00:06]} Nc1+ {[%emt 0:00:04]} 54. Ke3 {[%emt 0:00:01]} Kf5 {[%emt 0:00:10]} 55. Rc5+ {[%emt 0:00:02]} Kg4 {[%emt 0:00:04]} 56. Be5 {[%emt 0:00:06]} Nd3 {[%emt 0:00:04]} 57. Rc4+ {[%emt 0:00:01]} Kh3 {[%emt 0:00:01]} 58. Bb8 {[%emt 0:00:02]} Kg2 {[%emt 0:00:04]} 59. f3 {[%emt 0:00:01]} Nf2 {[%emt 0:00:02]} 60. Rc2 {[%emt 0:00:01]} Re7+ {[%emt 0:00:01]} 61. Kf4 {[%emt 0:00:01]} Rf7+ {[%emt 0:00:01]} 62. Ke3 {[%emt 0:00:01]} Rxf3+ {[%emt 0:00:02]} 63. Kd4 {[%emt 0:00:01]} Rf7 {[%emt 0:00:01]} 64. Kc5 {[%emt 0:00:01]} Kf3 {[%emt 0:00:00]} 65. Kb6 {[%emt 0:00:01]} Ne4 {[%emt 0:00:00]} 66. Bc7 {[%emt 0:00:03]} Nf6 {[%emt 0:00:02]} 67. Kxb7 {[%emt 0:00:02]} Nd5 {[%emt 0:00:01]} 68. b5 {[%emt 0:00:01]} axb5 {[%emt 0:00:02]} 69. a6 {[%emt 0:00:00]} Nb4 {[%emt 0:00:01]} 70. Rc3+ {[%emt 0:00:02]} Kg4 {[%emt 0:00:01]} 71. a7 {[%emt 0:00:01]} Nd5 {[%emt 0:00:01]} 72. Rc5 {[%emt 0:00:05]} Nxc7 {[%emt 0:00:01]} 73. Rxc7 {[%emt 0:00:02]} Rf8 {[%emt 0:00:01]} 74. Rxg7+ {[%emt 0:00:01]} Kf3 {[%emt 0:00:01]} 75. a8=Q {[%emt 0:00:01]} Rxa8 {[%emt 0:00:02]} 76. Kxa8 {[%emt 0:00:00] SuleymanliAydin1 resigns (Lag: Av=0.47s, max=1.0s)} 1-0

[Event "Silkway Cup"]
[Site "T#646345FIDE"]
[Date "2020.05.26"]
[Round "7"]
[White "Shak"]
[Black "NikaVolkov"]
[Result "1-0"]
[WhiteElo "2016"]
[BlackElo "1987"]
[PlyCount "139"]
[EventDate "2020.05.26"]
[EventType "swiss (blitz)"]

1. d4 {[%emt 0:00:05]} d5 {[%emt 0:00:03]} 2. c4 {[%emt 0:00:01]} c6 {[%emt 0:00:03]} 3. Nc3 {[%emt 0:00:02]} Nf6 {[%emt 0:00:01]} 4. Nf3 {[%emt 0:00:03]} e6 {[%emt 0:00:01]} 5. Bg5 {[%emt 0:00:04]} Be7 {[%emt 0:00:01]} 6. e3 {[%emt 0:00:03]} O-O {[%emt 0:00:01]} 7. Qc2 {[%emt 0:00:01]} Nbd7 {[%emt 0:00:01]} 8. h4 {[%emt 0:00:04]} Re8 {[%emt 0:00:20]} 9. a3 {[%emt 0:00:07]} a5 {[%emt 0:00:02]} 10. Rg1 {[%emt 0:00:15]} dxc4 {[%emt 0:00:12]} 11. Bxc4 {[%emt 0:00:03]} Nd5 {[%emt 0:00:01]} 12. Bd3 {[%emt 0:00:17]} Nf8 {[%emt 0:00:06]} 13. Bxe7 {[%emt 0:00:05]} Qxe7 {[%emt 0:00:01]} 14. g4 {[%emt 0:00:03]} b5 {[%emt 0:00:06]} 15. Nxd5 {[%emt 0:00:11]} cxd5 {[%emt 0:00:15]} 16. Bxb5 {[%emt 0:00:01]} Bd7 {[%emt 0:00:03]} 17. Bd3 {[%emt 0:00:13]} Rec8 {[%emt 0:00:01]} 18. Qd2 {[%emt 0:00:01]} a4 {[%emt 0:00:10]} 19. Ke2 {[%emt 0:00:05]} Rab8 {[%emt 0:00:01]} 20. Rac1 {[%emt 0:00:03]} Bb5 {[%emt 0:00:11]} 21. Bxb5 {[%emt 0:00:18]} Rxc1 {[%emt 0:00:02]} 22. Rxc1 {[%emt 0:00:00]} Rxb5 {[%emt 0:00:01]} 23. Rc2 {[%emt 0:00:00]} Qb7 {[%emt 0:00:13]} 24. Ne5 {[%emt 0:00:05]} Qe7 {[%emt 0:00:13]} 25. h5 {[%emt 0:00:15]} h6 {[%emt 0:00:10]} 26. Qc3 {[%emt 0:00:16]} Qb7 {[%emt 0:00:11]} 27. Qc8 {[%emt 0:00:18]} Rxb2 {[%emt 0:00:29]} 28. Qxb7 {[%emt 0:00:02]} Rxb7 {[%emt 0:00:00]} 29. Rc8 {[%emt 0:00:01]} g6 {[%emt 0:00:27]} 30. hxg6 {[%emt 0:00:02]} f6 {[%emt 0:00:01]} 31. Nd3 {[%emt 0:00:08]} Kg7 {[%emt 0:00:16]} 32. Nf4 {[%emt 0:00:01]} e5 {[%emt 0:00:12]} 33. Nh5+ {[%emt 0:00:05]} Kxg6 {[%emt 0:00:02]} 34. Rxf8 {[%emt 0:00:01]} exd4 {[%emt 0:00:00]} 35. exd4 {[%emt 0:00:03]} Rb2+ {[%emt 0:00:02]} 36. Kf3 {[%emt 0:00:03]} Kg5 {[%emt 0:00:07]} 37. Kg3 {[%emt 0:00:02]} Rb3+ {[%emt 0:00:05]} 38. f3 {[%emt 0:00:01]} Kg6 {[%emt 0:00:03]} 39. Rxf6+ {[%emt 0:00:01]} Kh7 {[%emt 0:00:00]} 40. Rf7+ {[%emt 0:00:01]} Kg8 {[%emt 0:00:01]} 41. Ra7 {[%emt 0:00:01]} Rxa3 {[%emt 0:00:01]} 42. Nf6+ {[%emt 0:00:00]} Kf8 {[%emt 0:00:01]} 43. Nxd5 {[%emt 0:00:00]} Ra1 {[%emt 0:00:01]} 44. Nc3 {[%emt 0:00:02]} a3 {[%emt 0:00:01]} 45. d5 {[%emt 0:00:01]} Ke8 {[%emt 0:00:02]} 46. d6 {[%emt 0:00:01]} Kd8 {[%emt 0:00:00]} 47. Kf4 {[%emt 0:00:03]} Kc8 {[%emt 0:00:02]} 48. d7+ {[%emt 0:00:03]} Kd8 {[%emt 0:00:00]} 49. Nb5 {[%emt 0:00:01]} Rd1 {[%emt 0:00:16]} 50. Rxa3 {[%emt 0:00:03]} Kxd7 {[%emt 0:00:01]} 51. Ra4 {[%emt 0:00:01]} Ke6 {[%emt 0:00:01]} 52. Re4+ {[%emt 0:00:02]} Kf7 {[%emt 0:00:00]} 53. Nd4 {[%emt 0:00:01]} Ra1 {[%emt 0:00:03]} 54. Nf5 {[%emt 0:00:01]} Kg6 {[%emt 0:00:00]} 55. Re6+ {[%emt 0:00:01]} Kf7 {[%emt 0:00:00]} 56. Rxh6 {[%emt 0:00:00]} Kg8 {[%emt 0:00:00]} 57. Kg5 {[%emt 0:00:01]} Ra5 {[%emt 0:00:00]} 58. Rg6+ {[%emt 0:00:00]} Kh7 {[%emt 0:00:01]} 59. f4 {[%emt 0:00:00]} Kh8 {[%emt 0:00:01]} 60. Rh6+ {[%emt 0:00:01]} Kg8 {[%emt 0:00:01]} 61. Rb6 {[%emt 0:00:01]} Kh8 {[%emt 0:00:01]} 62. Kg6 {[%emt 0:00:02]} Ra8 {[%emt 0:00:00]} 63. g5 {[%emt 0:00:02]} Rg8+ {[%emt 0:00:01]} 64. Kh5 {[%emt 0:00:01]} Rf8 {[%emt 0:00:00]} 65. Rh6+ {[%emt 0:00:01]} Kg8 {[%emt 0:00:00]} 66. Ne7+ {[%emt 0:00:02]} Kg7 {[%emt 0:00:00]} 67. f5 {[%emt 0:00:02]} Re8 {[%emt 0:00:07]} 68. f6+ {[%emt 0:00:01]} Kf7 {[%emt 0:00:01]} 69. Rh7+ {[%emt 0:00:01]} Ke6 {[%emt 0:00:00]} 70. f7 {[%emt 0:00:02] NikaVolkov Ñäàåòñÿ (Lag: Av=0.83s, max=1.5s)} 1-0

[Event "Silkway Cup"]
[Site "T#646345FIDE"]
[Date "2020.05.26"]
[Round "7"]
[White "Chepaschess"]
[Black "Sadikhov_Ulvi"]
[Result "1-0"]
[WhiteElo "2013"]
[BlackElo "2309"]
[PlyCount "77"]
[EventDate "2020.05.26"]
[EventType "swiss (blitz)"]

1. Nf3 {[%emt 0:00:03]} Nf6 {[%emt 0:00:01]} 2. c4 {[%emt 0:00:01]} g6 {[%emt 0:00:01]} 3. Nc3 {[%emt 0:00:00]} Bg7 {[%emt 0:00:00]} 4. e4 {[%emt 0:00:01]} d6 {[%emt 0:00:01]} 5. d4 {[%emt 0:00:01]} Bg4 {[%emt 0:00:01]} 6. Be2 {[%emt 0:00:01]} Nfd7 {[%emt 0:00:02]} 7. Be3 {[%emt 0:00:07]} O-O {[%emt 0:00:02]} 8. O-O {[%emt 0:00:03]} Nc6 {[%emt 0:00:02]} 9. d5 {[%emt 0:00:08]} Bxf3 {[%emt 0:00:02]} 10. Bxf3 {[%emt 0:00:02]} Na5 {[%emt 0:00:01]} 11. Be2 {[%emt 0:00:27]} Bxc3 {[%emt 0:00:02]} 12. bxc3 {[%emt 0:00:02]} e5 {[%emt 0:00:00]} 13. dxe6 {[%emt 0:00:18]} fxe6 {[%emt 0:00:01]} 14. f4 {[%emt 0:00:00]} Qe7 {[%emt 0:00:12]} 15. Qc2 {[%emt 0:00:17]} b6 {[%emt 0:00:05]} 16. Rae1 {[%emt 0:00:02]} Rae8 {[%emt 0:00:17]} 17. Bd3 {[%emt 0:00:02]} Nb7 {[%emt 0:00:22]} 18. Qd2 {[%emt 0:00:15]} Nbc5 {[%emt 0:00:34]} 19. Bc2 {[%emt 0:00:01]} Qg7 {[%emt 0:00:13]} 20. f5 {[%emt 0:00:09]} Ne5 {[%emt 0:00:17]} 21. Bh6 {[%emt 0:00:11]} Nxc4 {[%emt 0:00:11]} 22. Bxg7 {[%emt 0:00:39]} Nxd2 {[%emt 0:00:02]} 23. Bxf8 {[%emt 0:00:01]} Nxf1 {[%emt 0:00:34]} 24. Bh6 {[%emt 0:00:01]} exf5 {[%emt 0:00:01]} 25. Kxf1 {[%emt 0:00:00]} fxe4 {[%emt 0:00:07]} 26. Ke2 {[%emt 0:00:09]} Kf7 {[%emt 0:00:04]} 27. Ke3 {[%emt 0:00:04]} d5 {[%emt 0:00:04]} 28. Rf1+ {[%emt 0:00:04]} Ke6 {[%emt 0:00:01]} 29. Bg5 {[%emt 0:00:07]} Nb7 {[%emt 0:00:24]} 30. Ba4 {[%emt 0:00:03]} Rg8 {[%emt 0:00:07]} 31. Rf6+ {[%emt 0:00:02]} Ke5 {[%emt 0:00:01]} 32. Rf7 {[%emt 0:00:15] .} Nd6 {[%emt 0:00:02]} 33. Bf4+ {[%emt 0:00:03]} Ke6 {[%emt 0:00:01]} 34. Rxc7 {[%emt 0:00:00]} Nf5+ {[%emt 0:00:08]} 35. Ke2 {[%emt 0:00:01]} g5 {[%emt 0:00:00]} 36. Bd7+ {[%emt 0:00:04]} Kf6 {[%emt 0:00:02]} 37. Be3 {[%emt 0:00:04]} Rg7 {[%emt 0:00:03]} 38. Rc6+ {[%emt 0:00:02]} Ke5 {[%emt 0:00:02]} 39. Re6# {[%emt 0:00:01] (Lag: Av=0.75s, max=1.0s)} 1-0

[Event "Silkway Cup"]
[Site "T#646345FIDE"]
[Date "2020.05.26"]
[Round "7"]
[White "Nanadzagnidze"]
[Black "Maghala77"]
[Result "1/2-1/2"]
[WhiteElo "1918"]
[BlackElo "2287"]
[Annotator "NA"]
[PlyCount "137"]
[EventDate "2020.05.26"]
[EventType "swiss (blitz)"]

1. d4 {[%emt 0:00:04]} d5 {[%emt 0:00:01]} 2. Nf3 {[%emt 0:00:01]} Nf6 {[%emt 0:00:01]} 3. c4 {[%emt 0:00:01]} e6 {[%emt 0:00:01]} 4. Nc3 {[%emt 0:00:02]} Be7 {[%emt 0:00:01]} 5. Bf4 {[%emt 0:00:03]} O-O {[%emt 0:00:01]} 6. e3 {[%emt 0:00:01]} Nbd7 {[%emt 0:00:01]} 7. Be2 {[%emt 0:00:02]} dxc4 {[%emt 0:00:04]} 8. O-O {[%emt 0:00:08]} a6 {[%emt 0:00:04]} 9. a4 {[%emt 0:00:06]} Nb6 {[%emt 0:00:10]} 10. Ne5 {[%emt 0:00:10]} c5 {[%emt 0:00:11]} 11. dxc5 {[%emt 0:00:13]} Bxc5 {[%emt 0:00:01]} 12. Nxc4 {[%emt 0:00:11]} Nxc4 {[%emt 0:00:05]} 13. Bxc4 {[%emt 0:00:03]} Bd7 {[%emt 0:00:01]} 14. e4 {[%emt 0:00:20]} Bc6 {[%emt 0:00:06]} 15. Qe2 {[%emt 0:00:09]} Nd7 {[%emt 0:00:19]} 16. Bg3 {[%emt 0:00:28]} Qa5 {[%emt 0:00:21]} 17. e5 {[%emt 0:00:11]} Bd4 {[%emt 0:00:17]} 18. Rfe1 {[%emt 0:00:34]} Rfd8 {[%emt 0:00:26]} 19. Bh4 {[%emt 0:00:25]} Rdc8 {[%emt 0:00:05]} 20. Bg3 {[%emt 0:00:02]} Bxc3 {[%emt 0:00:07]} 21. bxc3 {[%emt 0:00:01]} Qxc3 {[%emt 0:00:01]} 22. Bd3 {[%emt 0:00:05]} Nf8 {[%emt 0:00:03]} 23. a5 {[%emt 0:00:12]} Rd8 {[%emt 0:00:06]} 24. Be4 {[%emt 0:00:02]} Bxe4 {[%emt 0:00:14]} 25. Qxe4 {[%emt 0:00:01]} Rd5 {[%emt 0:00:01]} 26. Rab1 {[%emt 0:00:07]} Rb8 {[%emt 0:00:09]} 27. f3 {[%emt 0:00:06]} Qxa5 {[%emt 0:00:03]} 28. Bf2 {[%emt 0:00:01]} b5 {[%emt 0:00:05]} 29. f4 {[%emt 0:00:01]} Rc8 {[%emt 0:00:18]} 30. f5 {[%emt 0:00:01]} Rc4 {[%emt 0:00:03]} 31. Qf3 {[%emt 0:00:01]} Qd2 {[%emt 0:00:03]} 32. Rbd1 {[%emt 0:00:03]} Qc3 {[%emt 0:00:11]} 33. Rxd5 {[%emt 0:00:01]} Qxf3 {[%emt 0:00:02]} 34. gxf3 {[%emt 0:00:01]} exd5 {[%emt 0:00:01]} 35. e6 {[%emt 0:00:01]} Rc8 {[%emt 0:00:06]} 36. e7 {[%emt 0:00:05]} Re8 {[%emt 0:00:08]} 37. exf8=Q+ {[%emt 0:00:01]} Rxf8 {[%emt 0:00:01]} 38. Bb6 {[%emt 0:00:02]} Rb8 {[%emt 0:00:03]} 39. Ba5 {[%emt 0:00:02]} b4 {[%emt 0:00:01]} 40. Kf2 {[%emt 0:00:01]} f6 {[%emt 0:00:03]} 41. Rb1 {[%emt 0:00:03]} b3 {[%emt 0:00:01]} 42. Ke3 {[%emt 0:00:01]} Rb5 {[%emt 0:00:01]} 43. Bc7 {[%emt 0:00:03]} a5 {[%emt 0:00:03]} 44. Kd4 {[%emt 0:00:01]} a4 {[%emt 0:00:01]} 45. Bd6 {[%emt 0:00:01]} Rb6 {[%emt 0:00:07]} 46. Bc5 {[%emt 0:00:01]} Rb8 {[%emt 0:00:06]} 47. Kxd5 {[%emt 0:00:02]} Rd8+ {[%emt 0:00:03]} 48. Kc4 {[%emt 0:00:01]} Rd2 {[%emt 0:00:03]} 49. Kb4 {[%emt 0:00:01]} Ra2 {[%emt 0:00:03]} 50. Bd4 {[%emt 0:00:03]} h6 {[%emt 0:00:02]} 51. h4 {[%emt 0:00:02]} Rd2 {[%emt 0:00:02]} 52. Bc3 {[%emt 0:00:02]} Rd3 {[%emt 0:00:01]} 53. Bb2 {[%emt 0:00:05]} Rxf3 {[%emt 0:00:01]} 54. Kxa4 {[%emt 0:00:01]} Rxf5 {[%emt 0:00:05]} 55. Kxb3 {[%emt 0:00:01]} Rf3+ {[%emt 0:00:01]} 56. Bc3 {[%emt 0:00:05]} Rh3 {[%emt 0:00:01]} 57. Rg1 {[%emt 0:00:01]} Kh7 {[%emt 0:00:03]} 58. Rg4 {[%emt 0:00:02]} h5 {[%emt 0:00:01]} 59. Rf4 {[%emt 0:00:01]} Kg6 {[%emt 0:00:03]} 60. Kc2 {[%emt 0:00:01]} Rg3 {[%emt 0:00:02]} 61. Bd2 {[%emt 0:00:02]} Kf7 {[%emt 0:00:03]} 62. Kd1 {[%emt 0:00:02]} Ke6 {[%emt 0:00:01]} 63. Ke2 {[%emt 0:00:01]} g5 {[%emt 0:00:01]} 64. Rc4 {[%emt 0:00:03]} Rg4 {[%emt 0:00:01]} 65. Rxg4 {[%emt 0:00:03]} hxg4 {[%emt 0:00:01]} 66. hxg5 {[%emt 0:00:05]} fxg5 {[%emt 0:00:01]} 67. Bxg5 {[%emt 0:00:01]} Kf5 {[%emt 0:00:01]} 68. Bh4 {[%emt 0:00:01]} g3 {[%emt 0:00:00]} 69. Bxg3 {[%emt 0:00:01] (Lag: Av=0.95s, max=1.7s)} 1/2-1/2

[Event "Silkway Cup"]
[Site "T#646345FIDE"]
[Date "2020.05.26"]
[Round "7"]
[White "Gaguna"]
[Black "Ahmadzada"]
[Result "1-0"]
[WhiteElo "1823"]
[BlackElo "1971"]
[PlyCount "57"]
[EventDate "2020.05.26"]
[EventType "swiss (blitz)"]

1. d4 {[%emt 0:00:02]} Nf6 {[%emt 0:00:01]} 2. c4 {[%emt 0:00:01]} c5 {[%emt 0:00:01]} 3. d5 {[%emt 0:00:03]} e6 {[%emt 0:00:01]} 4. Nc3 {[%emt 0:00:01]} exd5 {[%emt 0:00:01]} 5. cxd5 {[%emt 0:00:00]} d6 {[%emt 0:00:01]} 6. e4 {[%emt 0:00:01]} g6 {[%emt 0:00:01]} 7. f4 {[%emt 0:00:01]} Bg7 {[%emt 0:00:02]} 8. Bb5+ {[%emt 0:00:01]} Nbd7 {[%emt 0:00:02]} 9. e5 {[%emt 0:00:05]} dxe5 {[%emt 0:00:01]} 10. fxe5 {[%emt 0:00:01]} Nh5 {[%emt 0:00:01]} 11. e6 {[%emt 0:00:02]} Qh4+ {[%emt 0:00:02]} 12. g3 {[%emt 0:00:03]} Nxg3 {[%emt 0:00:01]} 13. hxg3 {[%emt 0:00:05]} Qxh1 {[%emt 0:00:00]} 14. Be3 {[%emt 0:00:10]} Qg2 {[%emt 0:00:03]} 15. exd7+ {[%emt 0:00:15]} Bxd7 {[%emt 0:00:01]} 16. Bxd7+ {[%emt 0:00:01]} Kxd7 {[%emt 0:00:00]} 17. Qa4+ {[%emt 0:00:01]} Kd8 {[%emt 0:00:05]} 18. O-O-O {[%emt 0:00:08]} Bxc3 {[%emt 0:00:09]} 19. bxc3 {[%emt 0:00:05]} Qxg3 {[%emt 0:00:01]} 20. Bd2 {[%emt 0:00:26]} Re8 {[%emt 0:00:16]} 21. c4 {[%emt 0:00:04]} Re4 {[%emt 0:00:13]} 22. Ba5+ {[%emt 0:00:15]} Kc8 {[%emt 0:00:29]} 23. d6 {[%emt 0:00:04]} Rxc4+ {[%emt 0:00:59]} 24. Qxc4 {[%emt 0:00:29]} Qa3+ {[%emt 0:00:02]} 25. Kb1 {[%emt 0:00:03]} Qxa5 {[%emt 0:00:00]} 26. d7+ {[%emt 0:00:02]} Kc7 {[%emt 0:00:28]} 27. Qf4+ {[%emt 0:00:02]} Kb6 {[%emt 0:00:40]} 28. Rd6+ {[%emt 0:00:13]} Kb5 {[%emt 0:00:05]} 29. a4+ {[%emt 0:00:02] Ahmadzada resigns (Lag: Av=0.67s, max=1.2s)} 1-0